Loading...
Access, management and usage of electronic resources
| Main Author: | |
|---|---|
| Format: | Printed Book |
| Published: |
New Delhi
ESS ESS Publications
2013
|
| Subjects: |
| LEADER | 00523nam a22001337a 4500 | ||
|---|---|---|---|
| 020 | |a 9788170007012 | ||
| 082 | |a 020.1068 |b SIW.A | ||
| 100 | |a ANIL KUMAR SIWACH | ||
| 245 | |a Access, management and usage of electronic resources | ||
| 260 | |a New Delhi |b ESS ESS Publications |c 2013 | ||
| 650 | |a Library and information science |a Management of electronic resources | ||
| 942 | |c BK | ||
| 999 | |c 46 |d 46 | ||
| 952 | |0 0 |1 0 |4 0 |6 020_106800000000000_SIW_A |7 0 |8 NFIC |9 43 |a CAMPUS |b CAMPUS |c GEN |d 2014-11-17 |l 0 |o 020.1068 SIW.A |p 18872 |r 2014-11-17 |w 2014-11-17 |y BK | ||